[Event "Wch Blitz"]
[Site "Riadh"]
[Date "2017.12.30"]
[Round "18"]
[White "Onischuk, Vladimir"]
[Black "Grischuk, Alexander"]
[Result "0-1"]
[WhiteElo "2637"]
[BlackElo "2772"]
[PlyCount "202"]
[EventDate "2017.12.29"]
[EventType "swiss (blitz)"]
[EventRounds "21"]
[EventCountry "SAU"]
[SourceTitle "CBM 182 Extra"]
[Source "ChessBase"]
[SourceDate "2018.02.23"]
[SourceVersion "1"]
[SourceVersionDate "2018.02.23"]
[SourceQuality "1"]

1. e4 e5 2. Nf3 Nc6 3. Bc4 Bc5 4. d3 Nf6 5. O-O d6 6. c3 a6 7. Bb3 Ba7 8. Nbd2
O-O 9. h3 h6 10. Re1 Re8 11. Nf1 Be6 12. Bc2 d5 13. exd5 Bxd5 14. Ng3 Qd6 15.
Nh4 Ne7 16. Qe2 Qd7 17. Ne4 Qe6 18. a4 Rad8 19. a5 g5 20. Nf3 Nxe4 21. Be3 Nc5
22. b4 Bxf3 23. Qxf3 Nxd3 24. Bxa7 Nxe1 25. Rxe1 Nd5 26. h4 g4 27. Qe4 f5 28.
Qxf5 Qxf5 29. Bxf5 Nf6 30. Be3 Kg7 31. Kh2 Rd6 32. f3 gxf3 33. gxf3 Rg8 34. Bc2
h5 35. Rg1+ Kf8 36. Bh6+ Kf7 37. Bb3+ Nd5 38. Rd1 c6 39. Bg5 Re6 40. c4 Nxb4
41. Rd7+ Kf8 42. c5 Nd5 43. Rxb7 e4 44. fxe4 Rxe4 45. Bxd5 cxd5 46. c6 Rc4 47.
c7 d4 48. Kg3 d3 49. Kf2 Rc2+ 50. Ke3 d2 51. Ke2 Ke8 52. Kd1 Rc5 53. Rb8+ Kf7
54. Rb7 Ke6 55. Kxd2 Kd7 56. Bf4 Rg4 57. Bg5 Rxc7 58. Rb6 Rc6 59. Rb7+ Ke6 60.
Rh7 Rd4+ 61. Ke3 Ra4 62. Rxh5 Rc3+ 63. Kd2 Rh3 64. Kc2 Ra2+ 65. Kb1 Re2 66. Bc1
Rh1 67. Rc5 Kd6 68. Rc4 Kd5 69. Rc8 Rxh4 70. Rd8+ Kc6 71. Rb8 Kd5 72. Rb6 Rh1
73. Rb8 Kd4 74. Rc8 Kd3 75. Rc6 Re4 76. Ka2 Rc4 77. Rd6+ Rd4 78. Rc6 Rc4 79.
Rd6+ Kc3 80. Bb2+ Kc2 81. Ba3 Rh3 82. Rb6 Ra4 83. Rb2+ Kd1 84. Rb1+ Ke2 85.
Rb2+ Kf1 86. Rb1+ Kg2 87. Rb2+ Kf3 88. Kb3 Rxa5 89. Bb4 Rb5 90. Rc2 Rh4 91.
Rc3+ Ke2 92. Rc2+ Kd1 93. Rc4 Rxc4 94. Kxc4 Kc2 95. Bc3 Rb8 96. Be1 Kb2 97. Bb4
Rb7 98. Ba5 Ka3 99. Be1 Rc7+ 100. Kd3 Kb3 101. Ba5 Rc5 0-1

[Event "Paris GCT blitz"]
[Site "Paris"]
[Date "2018.06.23"]
[Round "3"]
[White "Grischuk, Alexander"]
[Black "Nakamura, Hikaru"]
[Result "0-1"]
[WhiteElo "2766"]
[BlackElo "2769"]
[Annotator "Yermolinsky,A"]
[PlyCount "50"]
[EventDate "2018.06.23"]
[EventType "tourn (blitz)"]
[EventRounds "18"]
[EventCountry "FRA"]
[EventCategory "22"]
[SourceTitle "CBM 185"]
[Source "ChessBase"]
[SourceDate "2018.07.13"]
[SourceVersion "1"]
[SourceVersionDate "2018.07.13"]
[SourceQuality "1"]

1. e4 e5 2. Nf3 Nc6 3. Bb5 Nf6 4. O-O Nxe4 5. Re1 Nd6 6. Nxe5 Be7 7. Bf1 Nf5 8.
Nf3 d5 9. d4 O-O 10. g3 Re8 11. Nc3 Be6 12. Ne2 g5 13. b3 h6 14. h3 Bf6 15. c3
Nd6 16. Bg2 Bg7 17. Be3 Qd7 18. h4 f6 19. hxg5 hxg5 20. Bxg5 $5 {OK, that's
enterprising.} fxg5 21. Nxg5 Bg4 (21... Bh6 $1 {should beat the attack off.})
22. Bxd5+ Kh8 23. Kg2 $1 Bh6 24. Qd3 $2 {Missing a simple reply.} ({Instead,} 
24. Rh1 {would have made quite a game out of it} Nf5 (24... Kg7 25. Rxh6 Kxh6
26. Qd2 Kg7 (26... Rxe2 27. Nf7+ Kg7 28. Qh6+ Kg8 29. Qh8#) 27. Nf4 $40) 25.
Bf3 Bxf3+ 26. Nxf3 Kg7 27. Qc2 $13) 24... Bf5 25. Rh1 Bxd3 0-1

[Event "Paris GCT blitz"]
[Site "Paris"]
[Date "2018.06.24"]
[Round "11"]
[White "Grischuk, Alexander"]
[Black "Karjakin, Sergey"]
[Result "1/2-1/2"]
[WhiteElo "2766"]
[BlackElo "2782"]
[Annotator "Yermolinsky,A"]
[PlyCount "96"]
[EventDate "2018.06.23"]
[EventType "tourn (blitz)"]
[EventRounds "18"]
[EventCountry "FRA"]
[EventCategory "22"]
[SourceTitle "CBM 185"]
[Source "ChessBase"]
[SourceDate "2018.07.13"]
[SourceVersion "1"]
[SourceVersionDate "2018.07.13"]
[SourceQuality "1"]

1. d4 Nf6 2. c4 e6 3. Nf3 d5 4. Nc3 Be7 5. Bf4 O-O 6. e3 Nbd7 7. c5 Nh5 8. Be2
Nxf4 9. exf4 b6 10. b4 a5 11. a3 c6 12. O-O axb4 13. axb4 Rxa1 14. Qxa1 Qc7 15.
g3 bxc5 16. bxc5 f6 17. Re1 e5 18. Bd3 g5 19. Qb1 Rf7 20. fxe5 fxe5 21. Nxe5
Nxe5 22. Rxe5 Bd7 23. Ne2 Bf6 {In the words of Roman Dzindzi White has an
extra pawn and the compensation. A player of Grischuk's class should have
never let Black off the hook.} 24. Re3 (24. Bxh7+ Rxh7 25. Qg6+ Bg7 26. Re7 {
with Qf7 to follow.}) 24... Qc8 25. Bc2 Qf8 26. Qe1 Kg7 27. Qd2 Kg8 28. Nc1 Qg7
29. Ne2 Qf8 30. Qd3 Bg4 31. Nc1 Re7 32. Nb3 Qf7 33. Rxe7 Qxe7 34. Qe3 Bd7 35.
Nd2 g4 36. Qxe7 Bxe7 37. f4 {White is still better, but it's a long endgame
while low on time.} gxf3 38. Nxf3 Bf6 39. Kf2 h6 40. Ne5 Be8 41. h4 Kf8 42. Ke3
Ke7 43. Kf4 Kd8 44. Kf5 Ke7 45. Ba4 Bg7 {Alright, I can understand that many
successful blitz players use simple chess means and move fast. They keep the
edge on the board to build one on the clock. The problem is, Alexander
Grischuk has never been like that. He improves on the board, at the cost of
getting worse on the clock. Practical or not, this is how he has played for
almost 20 years of high level competitive chess. And look what he does now} 46.
Nxc6+ $4 {Just letting go of the game.} ({White keeps on pushing for a win with
} 46. g4 {and with reasonable play he's very likely to succeed.}) 46... Bxc6
47. Bxc6 Bxd4 48. Kg6 Bxc5 1/2-1/2

[Event "Sinquefield Cup 6th"]
[Site "Saint Louis"]
[Date "2018.08.19"]
[Round "2"]
[White "Grischuk, Alexander"]
[Black "Mamedyarov, Shakhriyar"]
[Result "1/2-1/2"]
[WhiteElo "2766"]
[BlackElo "2801"]
[Annotator "Szabo,Kr"]
[PlyCount "48"]
[EventDate "2018.08.18"]
[EventType "tourn"]
[EventRounds "9"]
[EventCountry "USA"]
[EventCategory "22"]
[SourceTitle "CBM 186"]
[Source "ChessBase"]
[SourceDate "2018.09.14"]
[SourceVersion "1"]
[SourceVersionDate "2018.09.14"]
[SourceQuality "1"]

1. e4 e6 2. d4 d5 3. Nc3 Bb4 4. e5 c5 5. a3 Ba5 6. b4 cxd4 7. Qg4 Kf8 {This is
the fashionable move in the Armenian Variation.} (7... Ne7 {is the older main
line.}) 8. Nb5 Bb6 ({One month earlier Carlsen played} 8... Bc7 {,} 9. Qxd4 Nc6
10. Qc5+ Nge7 11. Nxc7 Qxc7 12. Nf3 b6 13. Qd6 (13. Qc3 $5 {is more ambitious.}
) 13... Qxd6 14. exd6 Nf5 15. Bf4 f6 16. g4 Nfd4 17. Nxd4 Nxd4 18. O-O-O e5
$132 {Georgiadis-Carlsen, Biel 2018, with a complicated position.}) 9. Nf3 Nc6
10. Bb2 Nge7 11. Bd3 {White doesn't hurry to take back the d4-P.} (11. Nbxd4 {
is another possibility with some interesting games.}) 11... Ng6 12. Qg3 f6 $1 {
The strongest move, Black immediately attacks the centre.} 13. Bxg6 (13. Nbxd4
$2 {is bad, because of} Ngxe5 14. Nxc6 Nxd3+ 15. cxd3 bxc6 $17 {and Black has
a healthy P up.}) ({or} 13. exf6 $2 gxf6 14. Nbxd4 Nxd4 15. Nxd4 e5 $17 {
and Black has a really strong centre.}) 13... hxg6 14. Nbxd4 Nxe5 (14... Nxd4 {
is the alternative choice,} 15. Bxd4 Kf7 16. O-O Bd7 17. Rfe1 Rc8 18. c3 g5 19.
Re3 Bxd4 20. cxd4 Rh5 21. exf6 gxf6 $13 {Inarkiev-Vallejo Pons, Palma de
Mallorca 2017, with a double-edged fight.}) 15. Nxe5 fxe5 16. Nf3 (16. Qxe5 {
is the other option.}) 16... e4 $1 {Again the best way!} 17. Ne5 ({In the
event of} 17. Qxg6 Qe7 18. Ne5 Bd7 $13 {and Black looks safe.}) 17... Kg8 $1 {
The K is safe on g8 and Black can activate his R on the h-file.} 18. Qxg6 (18.
Nxg6 Rh5 $132 {is also OK for Black.}) 18... Qe7 $146 {This is the first new
move in the game.} (18... Qf6 $2 {was bad, because} 19. Qxf6 gxf6 20. Ng4 f5
21. Nf6+ Kf7 22. Nxd5 $16 {Najer-Lomasov, Batumi 2018, and White was a clear P
up.}) 19. Ng4 $6 {A tempting move, White has pressure against the black K, but
here it is an inaccuracy.} (19. c4 $5) ({or} 19. Rd1 {was better and stay on
e5 with the N,} Rh6 20. Qg4 $13 {with an unclear middlegame.}) 19... Bd7 $6 {
A dubious move in reply!} (19... e5 $1 {was a great move to sacrifice a P, but
open the diagonal of the c8-B.} 20. Nxe5 Be6 (20... Rh6 $5) 21. O-O-O Rh6 $15 {
and Black is already slightly better.}) 20. Nf6+ $1 {White keeps the perpetual
checks.} Kf8 21. Nh7+ (21. Nh5 $2 {does not work, because of} e5 $1 $19 {
and Black wins.}) 21... Kg8 22. Nf6+ Kf8 23. Nh7+ Kg8 24. Nf6+ Kf8 1/2-1/2

[Event "Sinquefield Cup 6th"]
[Site "Saint Louis"]
[Date "2018.08.20"]
[Round "3"]
[White "Nakamura, Hikaru"]
[Black "Grischuk, Alexander"]
[Result "0-1"]
[WhiteElo "2777"]
[BlackElo "2766"]
[Annotator "Roiz,M"]
[PlyCount "178"]
[EventDate "2018.08.18"]
[EventType "tourn"]
[EventRounds "9"]
[EventCountry "USA"]
[EventCategory "22"]
[SourceTitle "CBM 186"]
[Source "ChessBase"]
[SourceDate "2018.09.14"]
[SourceVersion "1"]
[SourceVersionDate "2018.09.14"]
[SourceQuality "1"]

1. e4 e5 2. Nf3 Nc6 3. Bc4 Bc5 4. d3 Nf6 5. O-O O-O 6. c3 d5 {This is the most
ambitious setup. Black doesn't fear exposing the Pe5 and aiming for active
piece play.} 7. exd5 Nxd5 8. Re1 (8. a4 {is another common continuation.}) 8...
Bg4 9. Nbd2 Nb6 {A typical approach - the Bc4 lacks good squares for retreat,
so mostly Black manages to exchange it.} 10. Bb5 Bd6 11. h3 Bh5 12. Ne4 Re8 ({
Akso good enough is} 12... f5 13. Ng3 Bxf3 14. Qxf3 Qd7 15. Bd2 (15. a4 a6 16.
Bxc6 bxc6 {Wei,Y - Vidit,S Abu Dhabi 2016 CBM 172 [Vidit,S]  was fine for Black
}) 15... a6 16. Bxc6 Qxc6 17. Qxc6 bxc6 $11 {Nepomniachtchi,I - Karjakin,S
Saint Louis 2017}) 13. Bg5 ({Black shouldn't face any problems also after} 13.
Ng3 Bg6 14. Bg5 Qd7 15. Nh4 a6 16. Bxc6 Qxc6 17. Nxg6 hxg6 18. h4 Bf8 19. h5
Nd7 $11 {Eggleston,D - Postny,E Bad Wiessee 2013}) 13... f6 (13... Qd7 14. Ng3
{could have transposed to a position from the above-mentioned note.} Bg6) 14.
Be3 a6 15. Bxc6 bxc6 16. Ng3 {This seems too passive, even though it was
earlier played by a World Champion.} (16. g4 Bf7 17. c4 Bf8 18. Kh2 a5 19. Rg1
{led to double-edged play.}) 16... Bf7 $146 {This position has been tested a
few times on the top level. Seemingly, Black's pair of bishops more than
compensates for some structural drawbacks.} 17. c4 {This innovation doesn't
change the unfavourable character of play for White.} (17. d4 {Carlsen,M -
Aronian,L Leuven 2016,} {can be well met by} exd4 $1 18. Nxd4 Bxg3 19. fxg3 Nc4
20. Qc1 Qd5 $15 {and White is under definite pressure.}) 17... Bb4 $1 {
Interrupting the coordination between White's pieces.} 18. Re2 ({Hardly better
is} 18. Rf1 Bf8 19. b3 c5 20. Nh4 Nd7 $15) 18... Bf8 19. b3 c5 {Alexander is
reasonably focussed on neutralising any possible counterplay of his opponent.}
({Another promising way of handling the position was} 19... a5 $5 20. d4 e4 21.
Nd2 Bg6 $15 {Black has excellent attacking prospects on the kingside.}) 20. Qe1
(20. Nh4 a5 21. Ne4 Nd7 $15) 20... a5 {Now White is doomed to passive defence.}
21. Rd1 a4 22. Nd2 $6 {This is too passive.} ({After} 22. Ne4 Nd7 {White's
knight would be chased from the centre soon. However, it was still the better
way.}) 22... Qd7 23. Nb1 axb3 24. axb3 Bg6 25. f3 {Hikaru has managed to avoid
the loss of material, but this isn't the real achievement. Black has both the
pair of bishops and a big space advantage.} Rad8 26. Qf2 (26. Nc3 Qc6 27. Ra2
Rxd3 28. Rxd3 Bxd3 $17 {wouldn't yield Hikaru any compebsation for the pawn.})
26... Qc6 27. Red2 Nd7 {Alexander isn't in a hurry. He is intending to reach
the perfect setup and then push f6-f5.} 28. Nc3 h6 29. Kh1 Kh8 30. Nb5 Bh7 {
The last preparations.} 31. Ra2 f5 {Finally it comes!} 32. Bc1 Nf6 (32... Be7
$5 33. Ne2 Qb6 34. Bd2 Ra8 $17) 33. Nc3 $6 ({More to the point was} 33. f4 $1
e4 34. Qf1 exd3 35. Rad2 Ne4 36. Rxd3 Rxd3 37. Rxd3 $15 {, and White partly
manages to activate his pieces.}) 33... Qb7 34. Rb2 g5 {Black's expassion on
the kingside continues.} 35. Rb1 Qc6 36. Bb2 Kg8 37. Nf1 $2 {Suddenly this
natural move turns out a decisive mistake.} ({Had Hikaru played} 37. Ra1 Qb7
38. Qc2 $17 {his position would be very passive, but Black should still find a
way to breakthrough.}) 37... Nh5 $1 {That's the point! Black's knight enters
White's camp with great effect.} 38. Nd5 {This is temporary activity.} (38. Ne3
f4 39. Ned5 Qb7 40. Ne4 Bxe4 41. dxe4 c6 42. Nc3 Qxb3 $19) 38... Qd6 39. Ng3 c6
$1 40. Nc3 ({After} 40. Nxh5 cxd5 41. cxd5 f4 42. Rbc1 Bg6 43. g4 Bxh5 44. gxh5
Qxd5 45. Rc4 Qf7 $19 {White would have too many weaknesses, but maybe it still
was the most stubborn?}) 40... Nf4 {Now the Pd3 falls.} 41. Qf1 Nxd3 42. Nce2
Qe6 ({A more energetic move was} 42... e4 $1 43. fxe4 fxe4 44. Nf5 Qe6 45. g4
e3 $19) 43. Bc3 Rd6 44. Rd2 Red8 45. Rbd1 Bg6 46. Nc1 {Obviously, White cannot
deal with such a powerful Nd3 for too long.} Nxc1 47. Rxd6 Bxd6 48. Rxc1 Rb8 (
48... e4 {was also good enough:} 49. Qe1 e3 $19) 49. Ra1 {A desperate attempt
to complicate matters.} Rxb3 50. Ra8+ Rb8 51. Ra6 Bf8 52. Qe2 Bg7 {Alexander
prefers to cover the long diagonal.} ({Again, a simpler way was} 52... e4 $1
53. fxe4 f4 54. Nf1 Qxe4 $19) 53. Ra7 Re8 54. h4 gxh4 {Now there are 3 extra
pawns!} 55. Nf1 f4 56. Nd2 Re7 57. Rxe7 Qxe7 58. Ne4 {The perfect location of
White's knight makes Black's task much tougher.} Bf7 59. Kh2 h3 {GM Grischuk
gives up one of his extra pawns in order to leave the opponent's king exposed.}
60. gxh3 Qe6 61. Qg2 Kh7 62. Qc2 Kh8 63. Qb2 Kh7 64. Qc2 Qg6 65. Qe2 Be6 66.
Qf1 Bf5 67. Qe2 Qh5 68. Nf2 {Another blunder.} ({In the event of} 68. Qf1 Bxe4
69. fxe4 Qg6 70. Qd3 h5 71. Be1 Bf8 72. Bf2 {Black's position would still be
winning, but some technique is required.}) 68... Qh4 69. Ne4 ({Or} 69. Be1 Qg3+
70. Kh1 Bxh3 71. Qe4+ Kh8 $19) 69... Qxh3+ 70. Kg1 Qh5 {The rest is just na
agony.} 71. Be1 Bxe4 72. Qxe4+ Qg6+ 73. Kh2 Qxe4 74. fxe4 Kg6 75. Kh3 Kh5 76.
Bh4 f3 77. Bf2 Bf6 78. Be1 Bg5 79. Bf2 Be7 80. Be1 Bd8 81. Bg3 Kg5 82. Bxe5 Bf6
83. Bd6 f2 84. Kg2 Bd4 85. Kf1 Kg4 86. Ke2 h5 87. Kf1 h4 88. Bh2 h3 89. Ke2 Be3
0-1

[Event "Sinquefield Cup 6th"]
[Site "Saint Louis"]
[Date "2018.08.24"]
[Round "6"]
[White "Grischuk, Alexander"]
[Black "Carlsen, Magnus"]
[Result "1/2-1/2"]
[WhiteElo "2766"]
[BlackElo "2842"]
[Annotator "Fernandez,D"]
[PlyCount "68"]
[EventDate "2018.08.18"]
[EventType "tourn"]
[EventRounds "9"]
[EventCountry "USA"]
[EventCategory "22"]
[SourceTitle "CBM 186"]
[Source "ChessBase"]
[SourceDate "2018.09.14"]
[SourceVersion "1"]
[SourceVersionDate "2018.09.14"]
[SourceQuality "1"]

1. Nf3 Nf6 2. g3 g6 3. Bg2 {The Fianchetto King's Indian isn't one of White's
most ambitious openings, as even the standard ...c6/...d5 setup leads to
equality. However, against an enterprising Black player, it can lead to
interesting chess.} Bg7 4. c4 O-O 5. d4 d6 6. O-O c5 {A first sign that we are
going to get an interesting game.} (6... Nbd7 {is the Kotronias recommendation,
and by and large I agree with his findings.}) (6... Nc6 {is probably the most
played move, but for various reasons I am suspicious of it.}) 7. d5 (7. Nc3
cxd4 8. Nxd4 Nc6 $5 {is the famous 'ICC gambit' favoured by Melkumyan.} 9. Nxc6
bxc6 10. Bxc6 Rb8 {Now I examine the two most-played moves.} 11. Bg2 (11. Qa4
Bh3 $1 12. Bg2 (12. Rd1 a5 {Threatening ...Rb4.} 13. a3 Nd7 $11) 12... Bxg2 13.
Kxg2 Qd7 $1 {Bringing about adequate Benko-type compensation for Black.} 14.
Qxd7 Nxd7 15. Nd5 $5 Bxb2 16. Nxe7+ Kg7 17. Rb1 Bxc1 18. Rfxc1 Rbe8 $11) (11.
b3 Bh3 12. Re1 $4 (12. Bd2 $44) 12... Ng4 13. Bb2 Qb6 $19) (11. Bf3 {Now the
play isn't that forcing, but one interesting line leading to equality is} Ng4
12. Bg2 Bb7 13. Qc2 Bxg2 14. Kxg2 Rc8 15. b3 d5 $1 $11) 11... Qa5 12. Qd2 $5 (
12. Nb5 {This is most-played but probably not most critical.} Bb7 13. Bxb7 Rxb7
14. Bd2 Qa6 15. Bc3 Rc8 16. b3 d5 $1 $11 {Black equalised quickly in Zhigalko,
A-Melkumyan,H Warsaw 2014}) 12... Bb7 (12... Be6 {is also possible, and after
the obligatory} 13. b3 Rxb3 14. axb3 Qxa1 15. Nb5 {then a few more well-chosen
moves should neutralise whatever White has left.}) 13. Bxb7 (13. e4 Qa6 $11)
13... Rxb7 14. Rb1 Ng4 15. Qd5 Qa6 $13 {The debate over 'Benko compensation'
continues.}) 7... b5 {Of course.} 8. cxb5 a6 9. bxa6 Bf5 (9... e6 10. dxe6 fxe6
{is favoured by the engine, but this structure tends not to be so great for
Black due to the strength of a possible e4-push by White.}) 10. Nfd2 (10. Nh4
$5 {deserves attention, trying to make Black either swap bishops or give some
tempi to White's e4-e5 efforts.}) 10... Nxa6 11. Nc3 (11. e4 Bg4 12. f3 Bc8 13.
Nc4 $44) 11... Nb4 12. Nc4 $1 {A very good, but risky decision.} Nc2 $6 (12...
Bc2 13. Qd2 Bb3 14. Na3 Bxd5 15. Nxd5 Nfxd5 16. Nc4 (16. Bxd5 Nxd5 17. Qxd5
Rxa3 18. bxa3 Bxa1 $15) 16... Nc7 $44 {Black has to sacrifice an exchange in
one way or another, but there seems to be sufficent compensation for it.}) 13.
g4 $5 {Entering huge complications.} (13. Rb1 $1 {gives White good chances of
simply consolidating the pawn, e.g.} Nb4 14. e4 Bg4 15. f3 Bc8 16. a3 Ba6 17.
b3 $14) 13... Nxg4 14. e4 Nxa1 15. exf5 Bxc3 $6 {Neither natural nor
particularly good.} (15... gxf5 16. Qd3 $14) (15... Ne5 16. Nxe5 Bxe5 17. fxg6
hxg6 18. Bd2 Bxc3 19. Bxc3 Rxa2 20. f4 $13) 16. bxc3 Nf6 (16... gxf5 17. h3 Nf6
18. Bh6 $16) 17. Qe2 Re8 18. Bg5 $16 {Objectively, White is very close to
winning, but now strange things begin to happen.} Qd7 19. fxg6 hxg6 20. Rxa1
Qf5 21. Bxf6 $2 {A weird and frankly almost unintelligible decision.} ({After} 
21. h4 $16 {it is difficult to imagine that the dark-squared bishop could ever
be inferior to the Black knight, though of course the time pressure makes this
position nevertheless somewhat difficult.}) 21... Qxf6 22. Qf3 Qh4 23. Qe4 Qf6
24. Qf3 Qh4 25. Qe4 Qf6 26. Qd3 $6 (26. a4 Qxc3 27. Ra3 Qc1+ 28. Bf1 $14 {
would be a reasonable technical decision at this point, trying to reach some
kind of endgame where the passed a-pawn can show its strength.}) 26... Reb8 27.
a3 Rb3 28. Rc1 Ra4 {Now it is not totally clear who is playing on, so White
forces a draw.} (28... Kg7 {followed by ...Rh8 might have been an intelligent
way to play on White's time trouble.}) 29. Qc2 Qf4 30. Qxb3 Qxc1+ 31. Bf1 Qg5+
$11 32. Bg2 Qc1+ 33. Bf1 Qg5+ 34. Bg2 Qc1+ 1/2-1/2